Teams and Rosters MSI 2025 (LoL) - EN - Statistics

General Stats
  • This quiz has been taken 41 times
  • The average score is 47 of 62
Answer Stats
Seed Team % Correct
LCK #1 Mid Chovy
100%
LCK #2 Top Doran
100%
LCK #2 Mid Faker
100%
LCK #1 Team GEN - Gen.G
100%
LCK #2 ADC Gumayusi
100%
LCK #2 Sup Keria
100%
LPL #2 Sup ON
100%
LCK #2 Jgl Oner
100%
LCK #2 Team T1
100%
LPL #1 Team AL - Anyone's Legend
97%
LPL #2 Team BLG - Bilibili Gaming
97%
LCK #1 ADC Ruler
97%
LPL #2 Top Bin
94%
LEC #2 Top BrokenBlade
94%
LCK #1 Jgl Canyon
94%
LEC #2 Team G2 - G2 Esports
94%
LCK #1 Top Kiin
94%
LCP #1 Team CFO - CTBC Flying Oyster
91%
LCK #1 Sup Duro
91%
LPL #2 ADC Elk
91%
LTA North #1 Team FLY - FlyQuest
91%
LEC #2 ADC Hans Sama
91%
LPL #2 Mid Knight
91%
LEC #2 Mid Caps
88%
LPL #1 Mid Shanks
88%
LPL #1 Jgl Tarzan
88%
LTA North #1 Top Bwipo
85%
LCP #2 Team GAM - GAM Esports
85%
LTA North #1 Jgl Inspired
85%
LTA South #1 Sup JoJo
85%
LEC #1 Team MKOI - Movistar KOI
85%
LEC #2 Jgl SkewMond
85%
LEC #1 Jgl Elyoya
82%
LCP #1 ADC Doggo
79%
LCP #1 Top Driver
79%
LPL #1 Top Flandre
79%
LEC #2 Sup Labrov
79%
LEC #1 Sup Alvaro
76%
LPL #2 Jgl Beichuan
76%
LEC #1 Mid Jojopyun
76%
LTA North #1 Mid Quad
76%
LEC #1 ADC Supa
76%
LTA North #1 Sup Busio
73%
LCP #1 Mid HongQ
73%
LCP #1 Jgl JunJia
73%
LEC #1 Top Myrwn
73%
LCP #2 Jgl Levi
70%
LTA North #1 ADC Massu
70%
LTA South #1 Team FUR - FURIA
67%
LPL #1 ADC Hope
67%
LCP #1 Top Rest
67%
LPL #1 Sup Kael
61%
LCP #1 Sup Kaiwing
55%
LCP #2 Top Kiaya
39%
LCP #2 Mid Emo
36%
LTA South #1 Jgl Tatu
27%
LTA South #1 Mid Tutsz
27%
LCP #2 ADC Artemis
24%
LTA South #1 ADC Ayu
21%
LTA South #1 Top Guigo
18%
LCP #2 Mid Aress
12%
LCP #2 Sup Elio
12%
No matching quizzes found
Score Distribution
Percent of People with Each Score
Percentile by Number Answered
Your Score History
You have not taken this quiz